[Event "Niteroi op 3rd"]
[Site "Niteroi"]
[Date "2023.09.07"]
[Round "6"]
[White "Vargas, Victor da Silva"]
[Black "Dull, Amanda Paul"]
[Result "0-1"]
[WhiteElo "1417"]
[BlackElo "1777"]
[PlyCount "44"]
[EventDate "2023.09.04"]
[EventType "swiss"]
[EventRounds "9"]
[EventCountry "BRA"]
[SourceTitle "EXT 2024"]
[Source "ChessBase"]
[SourceDate "2023.10.10"]
[SourceVersion "1"]
[SourceVersionDate "2023.10.10"]
[SourceQuality "1"]

1. c4 Nf6 2. Nc3 d5 3. d4 g6 4. Bf4 Bg7 5. Qc1 dxc4 6. Nf3 Bg4 7. Ne5 Qxd4 8. Nxg4 Nxg4 9. e3 Qc5 10. Be2 Ne5 11. Bxe5 Bxe5 12. 0-0 b5 13. a4 c6 14. Bf3 Bxc3 15. Qxc3 0-0 16. axb5 Qxb5 17. Ra5 Qb6 18. h4 Nd7 19. Rg5 Rab8 20. Qxc4 Qxb2 21. h5 Ne5 22. Qxc6 Nxc6 0-1

[Event "Florianopolis op-A 04"]
[Site "Florianopolis"]
[Date "2023.04.29"]
[Round "2"]
[White "Dull, Amanda Paul"]
[Black "Becker, Rogerio Sperb"]
[Result "0-1"]
[WhiteElo "1759"]
[BlackElo "2109"]
[PlyCount "72"]
[EventDate "2023.04.28"]
[EventType "swiss"]
[EventRounds "6"]
[EventCountry "BRA"]
[SourceTitle "CBM 214 Extra"]
[Source "ChessBase"]
[SourceDate "2023.07.31"]
[SourceVersion "1"]
[SourceVersionDate "2023.07.31"]
[SourceQuality "1"]

1. d4 Nf6 2. Nf3 e6 3. Bf4 Be7 4. Nbd2 d5 5. e3 Nh5 6. Bg3 Nd7 7. Bd3 Nxg3 8. hxg3 h6 9. Qe2 c5 10. c3 cxd4 11. exd4 a6 12. Kf1 b5 13. Re1 b4 14. c4 dxc4 15. Nxc4 Bb7 16. g4 Bd5 17. b3 a5 18. Rh3 Kf8 19. Qe3 g5 20. Nce5 Nxe5 21. Nxe5 Kg7 22. Be4 Bf6 23. Kg1 Rc8 24. Bxd5 Qxd5 25. Nf3 Rc3 26. Qe4 Qxe4 27. Rxe4 Rc2 28. Ne5 Rhc8 29. Nc4 Rxa2 30. Rd3 Rxc4 31. bxc4 a4 32. c5 b3 33. Re1 b2 34. c6 Ra1 35. Rdd1 Rxd1 36. Rxd1 Bd8 0-1

[Event "Timbo U2200 op 2nd"]
[Site "Timbo"]
[Date "2022.08.13"]
[Round "2"]
[White "Dull, Amanda Paul"]
[Black "Zottis, Ernani"]
[Result "1-0"]
[WhiteElo "1764"]
[BlackElo "1420"]
[PlyCount "61"]
[EventDate "2022.08.12"]
[EventType "swiss"]
[EventRounds "6"]
[EventCountry "BRA"]
[SourceTitle "EXT 2024"]
[Source "ChessBase"]
[SourceDate "2023.10.10"]
[SourceVersion "1"]
[SourceVersionDate "2023.10.10"]
[SourceQuality "1"]

1. d4 d5 2. Bf4 Nf6 3. c3 e6 4. e3 Be7 5. Nf3 h6 6. Bd3 b6 7. Nbd2 Bb7 8. Qe2 Nbd7 9. h3 0-0 10. g4 Nh7 11. h4 Bxh4 12. Bxh7+ Kxh7 13. Rxh4 f6 14. g5 e5 15. dxe5 fxe5 16. Nxe5 Nxe5 17. Bxe5 Qxg5 18. Bg3 Rae8 19. 0-0-0 c5 20. Nf3 Qe7 21. Bf4 d4 22. Ng5+ Kg8 23. Qc4+ Kh8 24. Qd3 Be4 25. Qxe4 Qxe4 26. Nxe4 Rxe4 27. f3 Re6 28. exd4 cxd4 29. cxd4 Rc8+ 30. Kd2 g5 31. Bxg5 1-0

[Event "Florianopolis Winter op 6th"]
[Site "Florianopolis"]
[Date "2022.07.16"]
[Round "7"]
[White "Dull, Amanda Paul"]
[Black "Bassani, Jaison Jose"]
[Result "0-1"]
[WhiteElo "1772"]
[BlackElo "1932"]
[PlyCount "124"]
[EventDate "2022.07.13"]
[EventType "swiss"]
[EventRounds "9"]
[EventCountry "BRA"]
[SourceTitle "CBM 209 Extra"]
[Source "ChessBase"]
[SourceDate "2022.09.30"]
[SourceVersion "1"]
[SourceVersionDate "2022.09.30"]
[SourceQuality "1"]

1. e4 c5 2. d4 cxd4 3. c3 Nf6 4. e5 Nd5 5. cxd4 d6 6. exd6 Qxd6 7. Nc3 e6 8. Nf3 Be7 9. Bc4 0-0 10. 0-0 Nc6 11. Qe2 Nb6 12. Rd1 Nxc4 13. Qxc4 Nb4 14. d5 exd5 15. Nxd5 Nxd5 16. Qxd5 Qxd5 17. Rxd5 Be6 18. Rd3 Rfd8 19. Rxd8+ Rxd8 20. Bg5 f6 21. Be3 Bxa2 22. Bxa7 Bb3 23. Be3 Rd1+ 24. Rxd1 Bxd1 25. Nd4 Kf7 26. f3 g6 27. Kf2 Bb4 28. Nb5 Ke6 29. Nc3 Bb3 30. Bd4 f5 31. Ke3 h5 32. Ne2 g5 33. f4 g4 34. Bb6 Bd5 35. Nd4+ Kf6 36. Bd8+ Kg6 37. g3 Bc5 38. Kd3 Bb4 39. Ke3 Be4 40. Ne6 Bb1 41. Ke2 Ba2 42. Ng5 Bc4+ 43. Ke3 Bc5+ 44. Kd2 Bg1 45. h3 Bf2 46. hxg4 hxg4 47. Kc3 Bd5 48. Bc7 Bxg3 49. Kd4 Ba2 50. Ke5 Bf2 51. Bd8 g3 52. b4 g2 53. Nf3 g1Q 54. Nxg1 Bxg1 55. Be7 Bc4 56. Bd6 Bd3 57. Bc7 b5 58. Bd6 Kh5 59. Bc5 Bxc5 60. bxc5 Be4 61. c6 Kg4 62. c7 Bb7 0-1

[Event "Florianopolis Winter op 6th"]
[Site "Florianopolis"]
[Date "2022.07.15"]
[Round "6"]
[White "Dos Santos, Luiz A Godoy M"]
[Black "Dull, Amanda Paul"]
[Result "0-1"]
[WhiteElo "1481"]
[BlackElo "1772"]
[PlyCount "118"]
[EventDate "2022.07.13"]
[EventType "swiss"]
[EventRounds "9"]
[EventCountry "BRA"]
[SourceTitle "CBM 209 Extra"]
[Source "ChessBase"]
[SourceDate "2022.09.30"]
[SourceVersion "1"]
[SourceVersionDate "2022.09.30"]
[SourceQuality "1"]

1. e4 Nf6 2. d3 e5 3. Nf3 Nc6 4. Be2 d5 5. Nbd2 Be7 6. 0-0 0-0 7. Re1 d4 8. Nc4 Bb4 9. Bd2 Bxd2 10. Qxd2 Re8 11. c3 b5 12. Na3 a6 13. cxd4 Nxd4 14. Nc2 Nc6 15. Rac1 Bb7 16. Nh4 Nxe4 17. Qe3 Qxh4 18. dxe4 Re6 19. Red1 Rh6 20. h3 Rd8 21. Bg4 Rhd6 22. Rxd6 Rxd6 23. f4 exf4 24. Qxf4 Qe7 25. Ne3 Nd4 26. e5 Rd8 27. e6 Nxe6 28. Bxe6 Qxe6 29. Rxc7 Be4 30. a3 h6 31. Ng4 Bg6 32. Rb7 Rd1+ 33. Kh2 Qe1 34. Ne5 Qg1+ 35. Kg3 Kh7 36. Nxg6 Rd3+ 37. Kh4 fxg6 38. Rxg7+ Kxg7 39. Qe5+ Kf7 40. Qf4+ Ke6 41. Qe4+ Kf6 42. Qxd3 Qe1+ 43. g3 g5+ 44. Kh5 Qe8+ 45. Kg4 Qe6+ 46. Kf3 Qf5+ 47. Qxf5+ Kxf5 48. g4+ Ke5 49. Ke3 a5 50. b4 a4 51. Kd3 Kd5 52. Kd2 Kd4 53. Kc2 Kc4 54. Kb2 Kd3 55. Ka1 Kc3 56. Ka2 Kc2 57. h4 gxh4 58. g5 hxg5 59. Ka1 h3 0-1

[Event "Florianopolis Winter op 6th"]
[Site "Florianopolis"]
[Date "2022.07.13"]
[Round "1"]
[White "Dull, Amanda Paul"]
[Black "Cubas, Jose Fernando"]
[Result "0-1"]
[WhiteElo "1772"]
[BlackElo "2451"]
[PlyCount "54"]
[EventDate "2022.07.13"]
[EventType "swiss"]
[EventRounds "9"]
[EventCountry "BRA"]
[SourceTitle "CBM 209 Extra"]
[Source "ChessBase"]
[SourceDate "2022.09.30"]
[SourceVersion "1"]
[SourceVersionDate "2022.09.30"]
[SourceQuality "1"]

1. d4 f5 2. Nf3 Nf6 3. Bf4 d6 4. c3 g6 5. Nbd2 Bg7 6. Qc2 0-0 7. h3 Nc6 8. 0-0-0 Qe8 9. e3 e5 10. dxe5 dxe5 11. Bg5 Be6 12. Bc4 Nd7 13. Bh4 h6 14. Bg3 Nc5 15. h4 Bxc4 16. Nxc4 b5 17. Ncd2 e4 18. Ne1 Qf7 19. Nb3 Na4 20. a3 a5 21. f3 b4 22. Nd4 Nxd4 23. cxd4 Nb6 24. Qc6 bxa3 25. bxa3 Qb3 26. Nc2 Nc4 27. Rd2 Rab8 0-1

[Event "Timbo op 2nd"]
[Site "Timbo"]
[Date "2022.02.20"]
[Round "7"]
[White "Dull, Amanda Paul"]
[Black "Caetano, Ryan Wesley da Cost"]
[Result "0-1"]
[WhiteElo "1810"]
[BlackElo "2217"]
[PlyCount "76"]
[EventDate "2022.02.17"]
[EventType "swiss"]
[EventRounds "7"]
[EventCountry "BRA"]
[SourceTitle "EXT 2023"]
[Source "ChessBase"]
[SourceDate "2022.10.05"]
[SourceVersion "1"]
[SourceVersionDate "2022.10.05"]
[SourceQuality "1"]

1. e4 e5 2. Nf3 Nc6 3. Bc4 Nf6 4. d3 Be7 5. h3 0-0 6. Nc3 d6 7. 0-0 Na5 8. Nd5 Nxc4 9. Nxf6+ Bxf6 10. dxc4 Be7 11. b3 Kh8 12. Bb2 f5 13. Nd2 f4 14. c5 Qe8 15. cxd6 cxd6 16. Qf3 Be6 17. c4 Rc8 18. Rac1 b6 19. Nb1 g5 20. Nc3 g4 21. hxg4 Qg6 22. Nd5 Bd8 23. Qd3 Bxg4 24. f3 Bh3 25. Rc2 Bh4 26. Qd2 Qg5 27. Kh1 Be6 28. Nxf4 Qxf4 29. Qxd6 Bg3 30. Qxe6 Rc6 31. Bxe5+ Qxe5 32. Qxe5+ Bxe5 33. Rd1 Rh6+ 34. Kg1 Bd6 35. Rd3 Bc5+ 36. Kf1 Rh2 37. Rcd2 Rh1+ 38. Ke2 Rg1 0-1

[Event "Pan American-ch U2300"]
[Site "Timbo"]
[Date "2021.12.04"]
[Round "7"]
[White "Caetano, Ryan Wesley da Cost"]
[Black "Dull, Amanda Paul"]
[Result "1-0"]
[WhiteElo "2226"]
[BlackElo "1794"]
[PlyCount "47"]
[EventDate "2021.12.01"]
[EventType "swiss"]
[EventRounds "9"]
[EventCountry "BRA"]
[SourceTitle "CBM 205 Extra"]
[Source "ChessBase"]
[SourceDate "2022.01.31"]
[SourceVersion "1"]
[SourceVersionDate "2022.01.31"]
[SourceQuality "1"]

1. d4 Nf6 2. c4 g6 3. Nc3 d5 4. cxd5 Nxd5 5. e4 Nxc3 6. bxc3 Bg7 7. Nf3 c5 8. Be3 0-0 9. Be2 Qa5 10. 0-0 Qxc3 11. Rc1 Qa3 12. Rxc5 Qxa2 13. Bc4 Qa3 14. Bc1 Qb4 15. Bd2 Qb6 16. Ba5 Qd6 17. e5 Qd7 18. e6 fxe6 19. Re1 b6 20. Rxc8 Rxc8 21. Bxe6+ Qxe6 22. Rxe6 bxa5 23. Qb3 Kh8 24. Qb7 1-0

[Event "Pan American-ch U2300"]
[Site "Timbo"]
[Date "2021.12.04"]
[Round "8"]
[White "Dull, Amanda Paul"]
[Black "Pinto Filho, Karline de Valesio"]
[Result "1/2-1/2"]
[WhiteElo "1794"]
[BlackElo "2051"]
[PlyCount "43"]
[EventDate "2021.12.01"]
[EventType "swiss"]
[EventRounds "9"]
[EventCountry "BRA"]
[SourceTitle "CBM 205 Extra"]
[Source "ChessBase"]
[SourceDate "2022.01.31"]
[SourceVersion "1"]
[SourceVersionDate "2022.01.31"]
[SourceQuality "1"]

1. d4 d5 2. Bf4 Bf5 3. e3 e6 4. c3 Nf6 5. Nf3 Bd6 6. Ne5 0-0 7. Nd2 Ne4 8. Bg3 Nxd2 9. Qxd2 c5 10. Be2 Nc6 11. f4 f6 12. Nf3 c4 13. 0-0 b5 14. b3 a5 15. bxc4 bxc4 16. a4 Be4 17. Qd1 Ne7 18. Nd2 Bg6 19. e4 dxe4 20. Nxc4 Bc7 21. Ne3 Nd5 22. Nxd5 1/2-1/2

[Event "Pan American-ch U2300"]
[Site "Timbo"]
[Date "2021.12.03"]
[Round "5"]
[White "Silva, Juliana Figueira Th"]
[Black "Dull, Amanda Paul"]
[Result "0-1"]
[WhiteElo "1245"]
[BlackElo "1794"]
[PlyCount "90"]
[EventDate "2021.12.01"]
[EventType "swiss"]
[EventRounds "9"]
[EventCountry "BRA"]
[SourceTitle "CBM 205 Extra"]
[Source "ChessBase"]
[SourceDate "2022.01.31"]
[SourceVersion "1"]
[SourceVersionDate "2022.01.31"]
[SourceQuality "1"]

1. d4 Nf6 2. Nf3 g6 3. Bf4 Bg7 4. e3 d5 5. Be2 c5 6. c3 Nc6 7. h3 0-0 8. 0-0 b6 9. Nbd2 Bb7 10. Rb1 Nd7 11. Bh2 e5 12. dxe5 Ncxe5 13. Nxe5 Nxe5 14. Nf3 Re8 15. Nxe5 Bxe5 16. Bf3 Qd6 17. Bxe5 Rxe5 18. Qd2 Qf6 19. Kh1 Rd8 20. Qc2 Bc8 21. Qd1 Qh4 22. Kh2 Bf5 23. Rc1 d4 24. cxd4 cxd4 25. exd4 Rxd4 26. Qb3 Qf4+ 27. g3 Qh6 28. Bg2 Rd2 29. Rcd1 Ree2 30. Rxd2 Rxd2 31. Re1 Rd8 32. Rd1 Rc8 33. Qd5 Qg7 34. b3 Qf6 35. Rd2 h5 36. Be4 Be6 37. Qd3 h4 38. Qf3 hxg3+ 39. fxg3 Qg7 40. Bd5 Qh6 41. Rf2 Qxh3+ 42. Kg1 Bxd5 43. Rh2 Rc1+ 44. Kf2 Qxh2+ 45. Ke3 Bxf3 0-1

[Event "Pan American-ch U2300"]
[Site "Timbo"]
[Date "2021.12.01"]
[Round "1"]
[White "Lage, Pedro Ferreira"]
[Black "Dull, Amanda Paul"]
[Result "1-0"]
[WhiteElo "2129"]
[BlackElo "1794"]
[PlyCount "67"]
[EventDate "2021.12.01"]
[EventType "swiss"]
[EventRounds "9"]
[EventCountry "BRA"]
[SourceTitle "CBM 205 Extra"]
[Source "ChessBase"]
[SourceDate "2022.01.31"]
[SourceVersion "1"]
[SourceVersionDate "2022.01.31"]
[SourceQuality "1"]

1. Nf3 Nf6 2. c4 c6 3. g3 d5 4. Bg2 Bf5 5. 0-0 Nbd7 6. d4 e6 7. Nbd2 h6 8. b3 Be7 9. Bb2 0-0 10. Ne5 a5 11. a3 Nxe5 12. dxe5 Nd7 13. cxd5 exd5 14. e4 dxe4 15. Nxe4 Qc7 16. Nd6 Be6 17. Rc1 Rfd8 18. f4 f6 19. Qd4 fxe5 20. fxe5 Bxb3 21. Nf5 Bg5 22. Bd5+ Bxd5 23. Qxd5+ cxd5 24. Rxc7 g6 25. e6 gxf5 26. exd7 Be3+ 27. Kg2 Rf8 28. Bg7 Rfd8 29. Bf6 Rf8 30. Be7 Bg5 31. Bxf8 Rxf8 32. Rc8 d4 33. Rxf5 Rd8 34. Rxg5+ 1-0

[Event "BRA-ch (Women) 60th"]
[Site "Cuiaba"]
[Date "2021.11.02"]
[Round "9"]
[White "Da Silva, Debora Oliveira Lop"]
[Black "Dull, Amanda Paul"]
[Result "0-1"]
[WhiteElo "1389"]
[BlackElo "1847"]
[PlyCount "50"]
[EventDate "2021.10.28"]
[EventType "swiss"]
[EventRounds "11"]
[EventCountry "BRA"]
[SourceTitle "CBM 205 Extra"]
[Source "ChessBase"]
[SourceDate "2022.01.31"]
[SourceVersion "1"]
[SourceVersionDate "2022.01.31"]
[SourceQuality "1"]

1. e4 Nf6 2. e5 Nd5 3. c4 Nb6 4. Nf3 d6 5. exd6 cxd6 6. d4 Bg4 7. h3 Bh5 8. Nc3 Nc6 9. Be3 e6 10. b3 Be7 11. Be2 0-0 12. 0-0 Bf6 13. Qd2 d5 14. c5 Nd7 15. Nb5 b6 16. b4 a5 17. a3 axb4 18. axb4 Rxa1 19. Rxa1 bxc5 20. bxc5 Bxf3 21. gxf3 e5 22. Rd1 exd4 23. Bxd4 Nxd4 24. Nxd4 Bxd4 25. Qxd4 Qg5+ 0-1

[Event "BRA-ch (Women) 60th"]
[Site "Cuiaba"]
[Date "2021.11.02"]
[Round "8"]
[White "Oliveira, Emanuelle Alves"]
[Black "Dull, Amanda Paul"]
[Result "1-0"]
[WhiteElo "1683"]
[BlackElo "1847"]
[PlyCount "65"]
[EventDate "2021.10.28"]
[EventType "swiss"]
[EventRounds "11"]
[EventCountry "BRA"]
[SourceTitle "CBM 205 Extra"]
[Source "ChessBase"]
[SourceDate "2022.01.31"]
[SourceVersion "1"]
[SourceVersionDate "2022.01.31"]
[SourceQuality "1"]

1. d4 Nf6 2. e3 g6 3. Bd3 Bg7 4. Nd2 d5 5. Ngf3 c5 6. c3 0-0 7. 0-0 Nc6 8. dxc5 a5 9. a4 e5 10. e4 Bg4 11. h3 Bxf3 12. Qxf3 d4 13. Nb3 dxc3 14. bxc3 Qc7 15. Rd1 Nd8 16. Bg5 Nd7 17. Be7 Re8 18. Bd6 Qc8 19. Bb5 Nc6 20. Rd2 b6 21. Bc4 Nd8 22. Bd5 Ra7 23. c6 Nf6 24. Qe3 Nxc6 25. Qxb6 Ra6 26. Qb5 Nd7 27. Qc4 Kh8 28. Bxf7 Rd8 29. Rad1 Ra8 30. Bd5 Na7 31. Qc7 Nf6 32. Bxa8 Qxa8 33. Bxe5 1-0

[Event "BRA-ch (Women) 60th"]
[Site "Cuiaba"]
[Date "2021.11.01"]
[Round "7"]
[White "Dull, Amanda Paul"]
[Black "Moraes Silva, Natasha Alejandra"]
[Result "1-0"]
[WhiteElo "1847"]
[BlackElo "1436"]
[PlyCount "43"]
[EventDate "2021.10.28"]
[EventType "swiss"]
[EventRounds "11"]
[EventCountry "BRA"]
[SourceTitle "CBM 205 Extra"]
[Source "ChessBase"]
[SourceDate "2022.01.31"]
[SourceVersion "1"]
[SourceVersionDate "2022.01.31"]
[SourceQuality "1"]

1. d4 d5 2. Bf4 Bf5 3. e3 Nf6 4. Nf3 e6 5. c4 c6 6. cxd5 cxd5 7. Bxb8 Qa5+ 8. Nc3 Rxb8 9. Bb5+ Nd7 10. Ne5 Rd8 11. 0-0 Bd6 12. Nxd7 Rxd7 13. Rc1 g5 14. Qh5 Qd8 15. Bxd7+ Qxd7 16. Nb5 Bb8 17. Qxg5 a6 18. Qg7 Rf8 19. Na3 Ke7 20. Rc3 Qd6 21. g3 Qb4 22. Rb3 1-0

[Event "BRA-ch (Women) 60th"]
[Site "Cuiaba"]
[Date "2021.10.31"]
[Round "5"]
[White "Dull, Amanda Paul"]
[Black "Dias, Juliane de Oliveira"]
[Result "0-1"]
[WhiteElo "1847"]
[BlackElo "1673"]
[PlyCount "180"]
[EventDate "2021.10.28"]
[EventType "swiss"]
[EventRounds "11"]
[EventCountry "BRA"]
[SourceTitle "CBM 205 Extra"]
[Source "ChessBase"]
[SourceDate "2022.01.31"]
[SourceVersion "1"]
[SourceVersionDate "2022.01.31"]
[SourceQuality "1"]

1. e4 c5 2. c4 Nc6 3. Nc3 g6 4. g3 Bg7 5. Bg2 d6 6. Nge2 Ne5 7. d3 Bg4 8. 0-0 Bf3 9. Qc2 Bxg2 10. Kxg2 Nf6 11. h3 0-0 12. Be3 Nfd7 13. Rab1 Nc6 14. a3 Rc8 15. Qd2 Nd4 16. Bh6 Nb3 17. Qe3 Bd4 18. Qf3 Ne5 19. Qf4 Nxd3 20. Qh4 Bf6 21. Bg5 Bxg5 22. Qxg5 Ne5 23. Nd5 f6 24. Qe3 Na5 25. b3 Qd7 26. f4 Nf7 27. Nec3 Kg7 28. f5 Rh8 29. Nf4 Nd8 30. Ncd5 Ndc6 31. Rf2 Ne5 32. Rbf1 g5 33. Nh5+ Kf7 34. Rd2 b5 35. Rfd1 Nb7 36. Qe2 bxc4 37. bxc4 Qa4 38. Rb2 Na5 39. Nxe7 Kxe7 40. Nxf6 Nexc4 41. Nd5+ Kd7 42. Nf6+ Kc6 43. Rbb1 Rb8 44. Qd3 Qc2+ 45. Qxc2 Ne3+ 46. Kg1 Nxc2 47. Nd5 Rxb1 48. Rxb1 Nxa3 49. Rf1 N3c4 50. f6 Nd2 51. Ra1 Nxe4 52. Ne7+ Kd7 53. Rxa5 Ke6 54. Rxa7 Kxf6 55. g4 h5 56. Nf5 hxg4 57. hxg4 Ke5 58. Ra4 d5 59. Ne7 Rh3 60. Ng6+ Kf6 61. Ra6+ Kg7 62. Ne5 c4 63. Rg6+ Kf8 64. Re6 c3 65. Rc6 Re3 66. Nd7+ Ke7 67. Nb6 Rd3 68. Kf1 d4 69. Nd5+ Kd7 70. Nb4 Rd1+ 71. Ke2 Rd2+ 72. Kf3 Nd6 73. Rc5 Rb2 74. Nd3 Rd2 75. Nb4 Rb2 76. Nd3 Rb5 77. Rxb5 Nxb5 78. Ke4 c2 79. Kf5 Kd6 80. Ke4 Ke6 81. Nc5+ Kf6 82. Nd3 Nc3+ 83. Kxd4 Ne2+ 84. Ke4 c1Q 85. Nxc1 Nxc1 86. Kd5 Ne2 87. Ke4 Nc3+ 88. Kd4 Nb5+ 89. Ke4 Nd6+ 90. Kd4 Nf7 0-1

[Event "BRA-ch (Women) 60th"]
[Site "Cuiaba"]
[Date "2021.10.30"]
[Round "4"]
[White "Felix, Luiza de Oliveira"]
[Black "Dull, Amanda Paul"]
[Result "1/2-1/2"]
[WhiteElo "1599"]
[BlackElo "1847"]
[PlyCount "97"]
[EventDate "2021.10.28"]
[EventType "swiss"]
[EventRounds "11"]
[EventCountry "BRA"]
[SourceTitle "CBM 205 Extra"]
[Source "ChessBase"]
[SourceDate "2022.01.31"]
[SourceVersion "1"]
[SourceVersionDate "2022.01.31"]
[SourceQuality "1"]

1. c4 e5 2. g3 f5 3. Bg2 Nf6 4. d3 Nc6 5. Nf3 Bb4+ 6. Bd2 Bxd2+ 7. Nfxd2 d6 8. Nc3 Be6 9. Rb1 0-0 10. b4 Rb8 11. a4 Qe8 12. 0-0 f4 13. Nde4 Qh5 14. Nxf6+ Rxf6 15. Ne4 Rh6 16. h4 Nd4 17. Bf3 Qf5 18. Ng5 Nxf3+ 19. exf3 fxg3 20. fxg3 Qg6 21. Rb2 Rf8 22. Kg2 Qf6 23. Nxe6 Qxe6 24. Qc1 Qg6 25. Qe3 b6 26. Qe4 Qf6 27. Re2 Kh8 28. c5 bxc5 29. bxc5 Qf7 30. cxd6 Rxd6 31. Rc2 h6 32. Qxe5 Rxd3 33. Rxc7 Rd2+ 34. Kg1 Rd7 35. Rfc1 Re8 36. Rxd7 Qxd7 37. Qf4 Qe6 38. Rb1 Qe7 39. Rb8 Qe1+ 40. Kg2 Qe2+ 41. Kh3 Qf1+ 42. Kg4 Qe2 43. Rxe8+ Qxe8 44. Kh3 a5 45. g4 Qe7 46. g5 Qb4 47. Kg4 h5+ 48. Kg3 Qe1+ 49. Kh3 1/2-1/2

[Event "BRA-ch (Women) 60th"]
[Site "Cuiaba"]
[Date "2021.10.29"]
[Round "2"]
[White "Terao, Juliana Sayumi"]
[Black "Dull, Amanda Paul"]
[Result "1-0"]
[WhiteElo "2252"]
[BlackElo "1847"]
[PlyCount "101"]
[EventDate "2021.10.28"]
[EventType "swiss"]
[EventRounds "11"]
[EventCountry "BRA"]
[SourceTitle "CBM 205 Extra"]
[Source "ChessBase"]
[SourceDate "2022.01.31"]
[SourceVersion "1"]
[SourceVersionDate "2022.01.31"]
[SourceQuality "1"]

1. e4 d5 2. exd5 Qxd5 3. Nc3 Qd8 4. d4 Nf6 5. Nf3 g6 6. Be3 Bg7 7. Qd2 a6 8. a4 Nc6 9. Bc4 b6 10. Rd1 0-0 11. 0-0 Bb7 12. Rfe1 Nb4 13. Ne5 Nbd5 14. Nxd5 Nxd5 15. Bh6 e6 16. Be2 Ne7 17. c4 Nf5 18. Bxg7 Kxg7 19. Qc3 Kg8 20. d5 Nd6 21. Ng4 f6 22. dxe6 Qe7 23. Bd3 Qg7 24. c5 bxc5 25. Qxc5 Rfe8 26. Bb1 Re7 27. Qc3 f5 28. Nf6+ Kh8 29. f3 Rf8 30. Nd7 Qxc3 31. bxc3 Rfe8 32. Ba2 Bc8 33. Kf2 Kg7 34. Ne5 Bb7 35. Nf7 Nc8 36. Rb1 Bc6 37. a5 Nd6 38. Nxd6 cxd6 39. Rb6 Rc8 40. Rxa6 Bb5 41. Rb6 Be8 42. Rc1 Rc5 43. a6 d5 44. Ke3 Kf6 45. Kd4 Rc6 46. Rxc6 Bxc6 47. Bxd5 Bxd5 48. Kxd5 Rxe6 49. Ra1 Re8 50. a7 Ra8 51. Kc6 1-0

[Event "Santa Catarina State-ch (Women) 34th"]
[Site "Rio Negrinho"]
[Date "2021.07.25"]
[Round "6"]
[White "Dull, Amanda Paul"]
[Black "Feller, Gabriela Luisa Vice"]
[Result "1-0"]
[WhiteElo "1853"]
[BlackElo "1821"]
[PlyCount "53"]
[EventDate "2021.07.22"]
[EventType "swiss"]
[EventRounds "7"]
[EventCountry "BRA"]
[SourceTitle "EXT 2022"]
[Source "ChessBase"]
[SourceDate "2021.10.06"]
[SourceVersion "1"]
[SourceVersionDate "2021.10.06"]
[SourceQuality "1"]

1. e4 c6 2. d4 d5 3. exd5 cxd5 4. c4 Nf6 5. Nc3 e6 6. Nf3 Be7 7. Bd3 Nc6 8. 0-0 0-0 9. Re1 Nb4 10. Bf1 dxc4 11. Bxc4 Nfd5 12. Ne5 Bf6 13. a3 Nxc3 14. bxc3 Nd5 15. Qd3 b6 16. Bb3 g6 17. c4 Nc7 18. Bh6 Bg7 19. Bxg7 Kxg7 20. Rad1 Bb7 21. Re3 Rc8 22. Rh3 Qg5 23. Rg3 Qf5 24. Qd2 Rcd8 25. Ng4 h5 26. Bc2 Be4 27. Bxe4 1-0

[Event "Timbo op"]
[Site "Timbo"]
[Date "2021.06.11"]
[Round "1"]
[White "Thurow, Richard Ariel"]
[Black "Dull, Amanda Paul"]
[Result "0-1"]
[WhiteElo "1252"]
[BlackElo "1836"]
[PlyCount "78"]
[EventDate "2021.06.11"]
[EventType "swiss"]
[EventRounds "6"]
[EventCountry "BRA"]
[SourceTitle "EXT 2022"]
[Source "ChessBase"]
[SourceDate "2021.10.06"]
[SourceVersion "1"]
[SourceVersionDate "2021.10.06"]
[SourceQuality "1"]

1. d4 Nf6 2. c4 g6 3. Nc3 d5 4. Bf4 Bg7 5. e3 0-0 6. Bd3 c5 7. Nf3 Nc6 8. b3 dxc4 9. Bxc4 cxd4 10. exd4 Bg4 11. Be3 Bxf3 12. Qxf3 Nxd4 13. Bxd4 Qxd4 14. 0-0 Rac8 15. Rad1 Qb6 16. Nd5 Nxd5 17. Bxd5 Rc7 18. Bc4 e6 19. Rd3 a6 20. Rfd1 Qa5 21. a4 b5 22. axb5 axb5 23. Bxe6 fxe6 24. Rd8 Rcf7 25. Qc6 Rxd8 26. Rxd8+ Qxd8 27. g3 Qd1+ 28. Kg2 Qxb3 29. Qc8+ Rf8 30. Qc5 Qd5+ 31. Qxd5 exd5 32. Kf1 b4 33. Ke1 b3 34. Kd1 b2 35. Kc2 Rc8+ 36. Kb1 Rc1+ 37. Ka2 b1Q+ 38. Ka3 Bf8+ 39. Ka4 Qb4# 0-1

[Event "Timbo op"]
[Site "Timbo"]
[Date "2021.02.20"]
[Round "4"]
[White "Dull, Amanda Paul"]
[Black "Lopes, Leonardo Borges"]
[Result "1-0"]
[WhiteElo "1827"]
[BlackElo "1610"]
[PlyCount "57"]
[EventDate "2021.02.19"]
[EventType "swiss"]
[EventRounds "6"]
[EventCountry "BRA"]
[SourceTitle "EXT 2022"]
[Source "ChessBase"]
[SourceDate "2021.10.06"]
[SourceVersion "1"]
[SourceVersionDate "2021.10.06"]
[SourceQuality "1"]

1. d4 Nf6 2. Nf3 g6 3. c3 Bg7 4. Bg5 0-0 5. Nbd2 d6 6. e4 h6 7. Bh4 Nbd7 8. Bd3 c5 9. 0-0 b6 10. e5 Nh5 11. e6 Ndf6 12. exf7+ Kxf7 13. Re1 g5 14. Bg3 Nxg3 15. hxg3 Kg8 16. Qe2 e6 17. Rad1 Qc7 18. dxc5 bxc5 19. Ne4 Rb8 20. Nxd6 Rb6 21. Nxc8 Qxc8 22. Ne5 Re8 23. Rd2 Nd5 24. Qe4 Bxe5 25. Qh7+ Kf8 26. Rxe5 Qc7 27. Qxh6+ Qg7 28. Qxg5 Kf7 29. Qh5+ 1-0

[Event "Florianopolis op 7th"]
[Site "Florianopolis"]
[Date "2021.01.24"]
[Round "10"]
[White "Arango, Pedro Esteban"]
[Black "Dull, Amanda Paul"]
[Result "0-1"]
[WhiteElo "1745"]
[BlackElo "1853"]
[PlyCount "78"]
[EventDate "2021.01.18"]
[EventType "swiss"]
[EventRounds "10"]
[EventCountry "BRA"]
[SourceTitle "CBM 200 Extra"]
[Source "ChessBase"]
[SourceDate "2021.03.31"]
[SourceVersion "1"]
[SourceVersionDate "2021.03.31"]
[SourceQuality "1"]

1. e4 e5 2. Nf3 Nf6 3. Nxe5 d6 4. Nf3 Nxe4 5. d3 Nf6 6. g3 Be7 7. Bg2 0-0 8. 0-0 Bg4 9. h3 Bh5 10. g4 Bg6 11. Nh4 c6 12. Nxg6 hxg6 13. Bf4 Nbd7 14. c4 Re8 15. Nc3 Nb6 16. b4 d5 17. c5 Nbd7 18. d4 Nf8 19. Rb1 Ne6 20. Bg3 a6 21. a4 Nd7 22. Qd3 Bf6 23. Ne2 Ra7 24. f4 b5 25. cxb6 Nxb6 26. g5 Be7 27. f5 gxf5 28. Qxf5 Bxg5 29. Rf3 Nc4 30. Rc3 Be3+ 31. Bf2 g6 32. Qd3 Bxf2+ 33. Kxf2 Qg5 34. b5 axb5 35. axb5 Ra2 36. Bf3 Nf4 37. Qd1 Raxe2+ 38. Bxe2 Qg2+ 39. Ke1 Rxe2+ 0-1